|
|
|
|
| LEADER |
00000nam0a2200000 4500 |
| 001 |
316258 |
| 005 |
20231102002846.0 |
| 020 |
|
|
|a RU
|b 81-9896
|
| 035 |
|
|
|a (RuTPU)RU\TPU\book\341696
|
| 090 |
|
|
|a 316258
|
| 100 |
|
|
|a 20160316d1980 m y0rusy5003 ca
|
| 101 |
0 |
|
|a rus
|
| 102 |
|
|
|a RU
|
| 105 |
|
|
|a a j 001zy
|
| 200 |
1 |
|
|a Приспособления-спутники автоматических линий
|e учебное пособие
|f Л. А. Колесников
|g Научно-техническое общество машиностроительной промышленности (НТО Машпром), Центральное правление
|
| 210 |
|
|
|a Москва
|c Машиностроение
|d 1980
|
| 215 |
|
|
|a 43 с.
|c ил.
|
| 225 |
1 |
|
|a Университет технического прогресса в машиностроении
|
| 320 |
|
|
|a Библиогр.: с. 42
|
| 606 |
1 |
|
|a Приспособления для машин и станков универсально-сборные
|2 stltpush
|3 (RuTPU)RU\TPU\subj\51716
|9 70281
|
| 610 |
1 |
|
|a учебные пособия
|
| 610 |
1 |
|
|a обработка
|
| 610 |
1 |
|
|a приспособления-спутники
|
| 610 |
1 |
|
|a заготовки
|
| 610 |
1 |
|
|a погрешности
|
| 610 |
1 |
|
|a установка
|
| 610 |
1 |
|
|a схемы
|
| 610 |
1 |
|
|a базовые элементы
|
| 610 |
1 |
|
|a износ
|
| 675 |
|
|
|a 621.9.06-229.3-182.7
|v 3
|
| 700 |
|
1 |
|a Колесников
|b Л. А.
|g Леонид Андреевич
|
| 712 |
0 |
2 |
|a Научно-техническое общество машиностроительной промышленности (НТО Машпром)
|b Центральное правление
|f (1955-1985)
|2 stltpush
|3 (RuTPU)RU\TPU\col\21679
|
| 801 |
|
0 |
|a RU
|b RuMRKP
|c 19950704
|g psbo
|
| 801 |
|
1 |
|a RU
|b 63413507
|c 20160316
|
| 801 |
|
2 |
|a RU
|b 63413507
|c 20191126
|g RCR
|
| 942 |
|
|
|c BK
|